Management podniku světové třídy
Enregistré dans:
| Auteur principal: | |
|---|---|
| Format: | Livre |
| Langue: | tchèque |
| Publié: |
Praha :
Professional Publishing,
2010
|
| Sujets: | |
| Accès en ligne: | OBSAH |
| Tags: |
Pas de tags, Soyez le premier à ajouter un tag!
|
MARC
| LEADER | 00000nam a22000003a 4500 | ||
|---|---|---|---|
| 001 | stu242734 | ||
| 005 | 20150617225726.2 | ||
| 008 | 120201s2010----xr------------------cze-d | ||
| 020 | |a 978-80-7431-033-1 | ||
| 040 | |a STU |b slo | ||
| 041 | 0 | |a cze | |
| 044 | |a xr | ||
| 080 | |a 65 | ||
| 100 | 1 | |a Stýblo, Jiří |4 aut | |
| 245 | 1 | |a Management podniku světové třídy | |
| 260 | |a Praha : |b Professional Publishing, |c 2010 | ||
| 300 | |a 147 s | ||
| 650 | 7 | |a manažment podniku |2 stusub | |
| 856 | 4 | |a https://sweb.mtf.stuba.sk/obsahy/management_podniku_svetove_tridy_10 |u https://sweb.mtf.stuba.sk/obsahy/management_podniku_svetove_tridy_10 |3 OBSAH | |
| 996 | |b 284M080624 |c M*13123-1 |l MMKN |s A |a 24 |w stu242734_0001 | ||
| 996 | |b 284M080625 |c M*13123-2 |l MMKN |s A |a 24 |w stu242734_0002 | ||
| 996 | |b 284M080626 |c M*13123-3 |l MMKN |s A |a 24 |w stu242734_0003 | ||